Ngữ văn 7

Sách giới thiệu chung về môn Ngữ văn 7 và hướng dẫn dạy cụ thể các bài trong sách giáo khoa Ngữ văn 7. Giúp giáo viên nâng cao hiệu quả giảng dạy.

Bewaard in:
Bibliografische gegevens
Hoofdauteur: Nguyễn, Khắc Phi
Formaat: Boek
Taal:Undetermined
Gepubliceerd in: Hà Nội Giáo dục Việt Nam 2010
Onderwerpen:
Tags: Voeg label toe
Geen labels, Wees de eerste die dit record labelt!
Thư viện lưu trữ: Trung tâm Học liệu Trường Đại học Cần Thơ
LEADER 00852nam a2200217Ia 4500
001 CTU_159071
008 210402s9999 xx 000 0 und d
020 |c 9500 
082 |a 495.9220712 
082 |b Ph300/T.1/L.7 
100 |a Nguyễn, Khắc Phi 
245 0 |a Ngữ văn 7 
245 0 |c Nguyễn Khắc Phi (Tổng chủ biên) 
260 |a Hà Nội 
260 |b Giáo dục Việt Nam 
260 |c 2010 
520 |a Sách giới thiệu chung về môn Ngữ văn 7 và hướng dẫn dạy cụ thể các bài trong sách giáo khoa Ngữ văn 7. Giúp giáo viên nâng cao hiệu quả giảng dạy. 
650 |a Vietnamese language 
650 |x Study and teaching (Secondary) 
904 |i Bé Ba, Bạch Trúc 
980 |a Trung tâm Học liệu Trường Đại học Cần Thơ